00748nas a2200217Ia 4500001001100000003000900011008004100020040001300061040001300074041001300087100005100100210003700151222003700188245009600225250001100321260002600332501008600358300001600444362002700460650004300487R111/44667IT-RoPAU151124c99999999xx |||||||||||| ||und|| aIT-RoPAU cIT-RoPAU aITALIANO aConfalonieri AntoniogCodice Aut. SPICS: 30342 aCOMUNICAZIONE DI MASSA (SUGARCO) aComunicazione Di Massa (Sugarco) aCOMUNICAZIONE DI MASSA (SUGARCO), ANNO 03-VOL.2 (1982)bUn Capitale Da Investire In Cultura a1a ed. aMILANObSUGARCOc1982 bPaulus - SPICS - Società San Paolo EM (non-commercial uses only)cCopyright2015 a4 p. [7-10] aANNO 003, VOL.2 (1982) aCOMUNICAZIONEvPUBBLICAZIONE PERIODICA